Stati con armi nucleari - Statistics

Statistiche generali
  • Questo quiz è stato fatto 35 volte
  • Il punteggio medio è 8 su 9
Statistiche sulle risposte
Numero di testate (anno 2021) Anno del primo test nucleare Test eseguiti Stato % Corretto
6 257 1949 715 Russia / Unione Sovietica
100%
5 550 1945 1 054 Stati Uniti
100%
350 1964 45 Cina
94%
40 - 50 2006 6 Corea del Nord
88%
290 1960 211 Francia
88%
156 1974 6 India
88%
225 1952 49 Regno Unito
81%
90 - - Israele
59%
165 1998 6 Pakistan
59%
Nessun quiz corrispondente trovato
Distribuzione punteggi
Percentuale di utenti per punteggio
Percentile per numero di risposta
I tuoi punteggi nel tempo
Non hai fatto questo quiz